Normal view
MARC view
- Zuberi, M. Aslam
Entry Personal Name
001 - CONTROL NUMBER
- control field: 107040
003 - CONTROL NUMBER IDENTIFIER
- control field: NUST
005 - DATE AND TIME OF LATEST TRANSACTION
- control field: 20230119103104.0
008 - FIXED-LENGTH DATA ELEMENTS
- fixed length control field: 230119|| aca||aabn | a|a d
040 ## - CATALOGING SOURCE
- Original cataloging agency: NUST
- Transcribing agency: NUST
100 ## - HEADING--PERSONAL NAME
- Personal name: Zuberi, M. Aslam
670 ## - SOURCE DATA FOUND
- Source citation: Work cat.: (NUST)185700: Zuberi, M. Aslam, History of the Corps of Signals Pakistan Army, 1995
